000 00395nam a22001697a 4500
005 20160528100303.0
008 160528b xxu||||| |||| 00| 0 eng d
020 _a978-81317-1683-0
041 _aeng
082 _b5657
100 _aKotler Philip and others
_91422
245 _aMarketing Management
260 _bPearsons
_c2009
300 _a647
650 _aManagement
_9241
942 _cBK
999 _c2015
_d2014